عرض عادي
عرض مارك
- قصص القرآن
مدخل مصطلح موضوعي
001 - رقم الضبط
- حقل الضبط: 96197
003 - معرف رقم الضبط
- حقل الضبط: OSt
005 - تاريخ ووقت أخر عملية
- حقل الضبط: 20220802131648.0
008 - عناصر بيانات ثابتة الطول
- حقل تحكم ثابت الطول: 220802|| aca||aabn | a|a d
040 ## - مصدر الفهرسة
- هيئة الفهرسة الأصلية: OSt
- وكالة الكتابة: OSt
150 ## - مدخل-- مصطلح تاريخي
- عنصر مدخل المصطلح الموضوعي او الاسم الجغرافي: قصص القرآن
670 ## - بيانات المصدر موجوده
- الاستشهاد بالمصدر: Work cat.: (OSt)81240: جرار، مأمون فريز 96195, شخصيات تحدث عنها القرآن /, 2015
